Best WRs to never lead the league in receiving yards - Statistics

General Stats
  • This quiz has been taken 8 times
  • The average score is 8 of 20
Answer Stats
Teams WR % Correct
ARI Larry Fitzgerald
75%
SFF/PHI/DAL/BUF/CIN/SEA Terrell Owens
75%
OAK/TBB Tim Brown
75%
MIN/OAK/NEP/TEN/SFF Randy Moss
63%
NYG/KAN Amani Toomer
50%
PIT Hines Ward
50%
DAL/PHI/JAX Jimmy Smith
50%
PIT John Stallworth
50%
DEN Rod Smith
50%
BUF/DEN/WAS Andre Reed
38%
WAS/NYJ/PHI Art Monk
38%
PHI/MIN/MIA Cris Carter
38%
OAK Fred Biletnikoff
38%
GBP/LAR/BUF/LAR/PHI James Lofton
25%
MIA/GBP Mark Clayton
25%
CLE/MIA Paul Warfield
25%
DAL/SFF Bob Hayes
13%
HOU/CIN/SDC Charlie Joiner
13%
NYG Frank Gifford
0%
DET/NYG Herman Moore
0%
No matching quizzes found
Score Distribution
Percent of People with Each Score
Percentile by Number Answered
Your Score History
You have not taken this quiz